000
00472nam a2200133Ia 4500
008
100328s9999 xx 000 0 und d
082
_b
68942
100
_a
पचिंद्रे श्रीराम.
245
_a
मुलाखत आणि शब्दांकन.
260
_b
नवदुर्गा.
630
_a
मुलाखत आणि शब्दांकन.
730
_a
मुलाखत आणि शब्दांकन.
942
_c
BOOK
999
_c
554675
_d
554672